| 000 | 02752cam a22004333a 4500 | ||
|---|---|---|---|
| 005 | 20030306201221.0 | ||
| 008 | 000117s2000 nyu j 000 1 eng d | ||
| 010 | _aB-330478-484 | ||
| 020 |
_a0439135303 _c95.00 |
||
| 020 |
_a9780439135306 _c95.00 |
||
| 035 | _aB-330478-484 | ||
| 035 | _aB-358530 | ||
| 037 | _bThe Wise Owl | ||
| 040 | _adpl | ||
| 082 | _aS | ||
| 100 | _aStine, R. L. | ||
| 245 |
_aAll-day nightmare / _cby R.L. Stine. |
||
| 260 |
_aNew York _bScholastic Inc. _c2008. |
||
| 270 |
_a557 Broadway _bNewyork _eNY 10012 |
||
| 300 |
_a137p. _c20 cm. (pbk) |
||
| 490 | _aGive yourself goosebumps ;42 | ||
| 500 | _a"An Apple paperback." | ||
| 500 | _a"A Parachute Press book"--T.p. verso. | ||
| 655 |
_aHorror stories. _2gsafd |
||
| 710 | _aCopyright Paperback Collection (Library of Congress) | ||
| 800 |
_aStine, R. L. _tGive yourself goosebumps ;42 |
||
| 942 |
_2ddc _cCH _hS _mSTI |
||
| 999 |
_c21271 _d21271 |
||